| 000 | 00488nam a2200181Ia 4500 | ||
|---|---|---|---|
| 008 | 090124s9999 xx 000 0 und d | ||
| 082 | _b41470 | ||
| 100 | _aशहा प्र. पो. | ||
| 245 | _a वायरमन | ||
| 250 | _a0 | ||
| 260 |
_bअशिष एजन्सी _c1987 |
||
| 300 | _a240 | ||
| 600 | _aशहा प्र. पो. | ||
| 630 | _a वायरमन | ||
| 700 | _aशहा प्र. पो. | ||
| 730 | _a वायरमन | ||
| 942 | _cBOOK | ||
| 999 |
_c107612 _d107612 |
||